000 00972nam a2200205 4500
001 123931
003 ES-MaACL
005 20230906192258.0
007 t|
008 070214s1912 sp r ||||1| spa d
100 1 _aRamos Izquierdo y Vivar, Luis.
_995325
245 1 0 _aDescripción geográfica y gobierno, administración y colonización de las colonias españolas del golfo de Guinea /
_cpor Luis Ramos-Izquierdo y Vivar ; ilustrada con mapas y planos levantados y reducidos por Eduardo Navarro y Beltrán del Río, y con fotograbados de las mismas.
260 _aMadrid :
_b[s.n.],
_c1912 (
_fImp. de Felipe Peña Cruz)
300 _a355 p., [35] h. de lám., [11] h. pleg. de mapas :
_bil. ;
_c26 cm.
651 0 _aGuinea Ecuatorial-
_xDescripción.
_98807
651 4 _aGuinea Ecuatorial-
_xGeografía.
_9172156
651 4 _aGuinea Ecuatorial-
_xAdministración.
_9146007
700 1 _aNavarro y Beltrán del Río, Eduardo L.
_9172158
852 _aES-MaACL
_jB-4941
999 _c123931
_d123931